Top 30 classement ATP (Tennis) - Statistiques

Statistiques générales
  • Ce quiz a été pris 530 fois
  • Le résultat moyen est 17 sur 30
Statistiques - réponses
classement points joueur % Correct
1 6815 alcaraz
99%
3 5955 djokovic
98%
2 6330 medvedev
92%
9 3435 sinner
88%
4 4960 ruud
87%
6 4375 rune
86%
5 4775 tsitsipas
86%
27 1450 zverev
84%
15 2445 nadal
81%
7 4270 rublev
78%
8 3470 fritz
72%
12 2790 tiafoe
67%
10 3100 auger aliassime
55%
14 2525 hurckacz
55%
29 1275 dimitrov
54%
11 2945 khachanov
51%
19 1870 de minaur
49%
18 2040 musetti
48%
13 2565 norrie
48%
17 2170 paul
44%
20 1832 berretini
37%
26 1465 kyrgios
36%
23 1485 cerundolo
35%
21 1740 carreno busta
31%
24 1485 bautista agut
28%
22 1510 cilic
25%
16 2410 coric
24%
30 1265 korda
22%
25 1480 evans
18%
28 1447 struff
15%
Aucun quiz correspondant
Distribution des résultats
% des personnes avec chaque résultat
Percentile par nombre de réponses
Votre historique - résultats
Vous n’avez pas pris ce quiz